X- and gamma-ray astronomy (Record no. 4250)

MARC details
000 -LEADER
fixed length control field 00928nam a2200253Ia 4500
003 - CONTROL NUMBER IDENTIFIER
control field IN-BaIIA
008 - FIXED-LENGTH DATA ELEMENTS--GENERAL INFORMATION
fixed length control field 211028s9999 xx 000 0 eng d
020 ## - INTERNATIONAL STANDARD BOOK NUMBER
International Standard Book Number 90-277-0303-5
040 ## - CATALOGING SOURCE
Transcribing agency IIA Library
080 ## - UNIVERSAL DECIMAL CLASSIFICATION NUMBER
Universal Decimal Classification number 082.2:52
Item number IAU-S55
110 ## - MAIN ENTRY--CORPORATE NAME
Corporate name or jurisdiction name as entry element International Astronomical Union
111 ## - MAIN ENTRY--MEETING NAME
Meeting name or jurisdiction name as entry element International Astronomical Union Symposium
Number of part/section/meeting 55th
Location of meeting Madrid, Spain
Date of meeting or treaty signing 1972 May 11-13
9 (RLIN) 7472
245 #0 - TITLE STATEMENT
Title X- and gamma-ray astronomy
Remainder of title proceedings of the IAU symposium No.55 held in Madrid, Spain, 11-13 May 1972
Statement of responsibility, etc. edited by H. Bradt and R. Giacconi
260 ## - PUBLICATION, DISTRIBUTION, ETC.
Place of publication, distribution, etc. Dordrecht
Name of publisher, distributor, etc. D. Reidel Publishing
Date of publication, distribution, etc. 1973
300 ## - PHYSICAL DESCRIPTION
Extent x, 323p.
490 ## - SERIES STATEMENT
Series statement IAU Symposium; no. 55
650 ## - SUBJECT ADDED ENTRY--TOPICAL TERM
Topical term or geographic name entry element Astronomy and Astrophysics Thesaurus
650 ## - SUBJECT ADDED ENTRY--TOPICAL TERM
Topical term or geographic name entry element Gamma ray astronomy
9 (RLIN) 7465
650 ## - SUBJECT ADDED ENTRY--TOPICAL TERM
Topical term or geographic name entry element X-ray astronomy
9 (RLIN) 7473
700 ## - ADDED ENTRY--PERSONAL NAME
Personal name Bradt, H., ed.
9 (RLIN) 7474
700 ## - ADDED ENTRY--PERSONAL NAME
Personal name Giacconi, R., ed.
9 (RLIN) 7475
710 ## - ADDED ENTRY--CORPORATE NAME
Corporate name or jurisdiction name as entry element International Astronomical Union
9 (RLIN) 7476
942 ## - ADDED ENTRY ELEMENTS (KOHA)
Koha item type Books
Holdings
Withdrawn status Lost status Damaged status Not for loan Home library Current library Shelving location Date acquired Total Checkouts Full call number Barcode Date last seen Price effective from Koha item type Purchase Price
        IIA Library-Bangalore IIA Library-Bangalore General Stacks 26/07/1973   082.2:52/ IAU-S55 4745 05/11/2021 26/07/1973 Books Free

Powered by Koha